000 00837cab a2200277 4500
001 ABS47234
008 090401t1992 xxu||||| |||| 00| 0 eng d
035 _a(Sirsi) u61147
041 _aeng
100 _aCarter, H.
245 _aReplacement windows
260 _c1992
350 _a0
490 _aConservation Bulletin
_v(18) October 1992, 6-7(2)
520 _aExamines the use of replacement windows in historic buildings looking at case law and planning appeals.
650 _aDEMOLITION
650 _aDOE CIRCULAR 8/87
650 _aFRAMING OPINIONS
650 _aHISTORIC BUILDINGS
650 _aLISTED BUILDINGS
650 _aPLANNING (LISTED BUILDINGS AND CONSERVATION AREAS) 1990 S7
650 _aTOWN AND COUNTRY PLANNING ACT 1990 S330(1)
690 _aCONSERVATION
942 _n0
948 _c04/03/1997
999 _c37817
_d37817